00891cam a22002657a 4500003000500000005001700005008004100022010001000063011001000073020001500083035001000098040000900108082001300117100002900130245010700159260006500266300001100331410004700342490004700389650002800436650003500464650003200499810004700531830004700578CHAP20220329142616.0010926d2000 mx r 00110 spa d a85616 a86588 a848950346X a97127 cCHAP04a382bC3200aCastellano Montero, Lino13aEl IVA en el comercio internacional :bintercambio de bienes y serviciosc/por Lino Castellano Montero aMadrid :bCámara de Comercio e Industria de Madridc(2000) a182 p.00aCámara de Comercio e Industria de Madrid 0aMonografías sobre comercio internacional14aComercio internacional.14aExportación e importación.14aImpuesto al valor agregado.00aCámara de Comercio e Industria de Madrid00aMonografías sobre comercio internacional